[Event "HEM-Meisterklasse"]
[Site "?"]
[Date "2024.05.22"]
[Round "5.1"]
[White "Schell, Franz Jürgen"]
[Black "Wenzel, Birger"]
[Result "0-1"]
[WhiteElo "1996"]
[BlackElo "2055"]
[Annotator "hugo5"]
[PlyCount "106"]
[GameId "2048129910621010"]
[EventDate "2024.??.??"]
[WhiteTeam "Bramfelder SK 1947 e.V."]
[BlackTeam "SK Johanneum Eppendorf"]

{[%evp 0,70,16,28,69,63,57,59,47,44,44,23,31,40,47,33,47,45,72,30,31,33,34,24,33,33,24,15,16,5,9,3,29,20,35,7,38,35,42,17,34,16,78,57,89,70,92,41,59,37,24,13,13,13,4,3,21,-24,21,-7,25,-3,3,22,16,-9,-3,-6,0,-15,-10,-29,-51]} 1. e4 c6 2. d4 d5 3. exd5 cxd5 4. Bd3 Nc6 5. c3 Nf6 6. Bf4 Bg4 7. Qb3 Qd7 8. Nd2 e6 9. Ngf3 Bxf3 10. Nxf3 Bd6 11. Bxd6 Qxd6 12. O-O O-O 13. Rae1 Qc7 14. Bb1 g6 15. Qd1 Rae8 16. Qd2 Kg7 17. Re2 Re7 18. Rfe1 Rfe8 19. Ne5 Nxe5 20. dxe5 Ng8 21. Qf4 b5 22. Bd3 Qc5 23. Qd4 Rc7 24. Qxc5 Rxc5 25. f4 Rb8 26. a3 a5 27. Ra1 Ne7 28. Kf2 h5 29. Rd2 Rc7 30. Ke3 {(=)} Nf5+ 31. Bxf5 gxf5 32. Kd3 Rc4 33. g3 Rbc8 34. h4 Kf8 35. Rc2 Ke7 36. b3 Re4 37. Rcc1 Rg8 38. Rg1 f6 39. exf6+ Kxf6 40. a4 b4 41. Rac1 Rb8 42. Rg2 bxc3 43. Rxc3 d4 44. Rc4 Rxb3+ 45. Kc2 Ra3 46. Kb2 Rae3 47. Rd2 d3 48. Kc3 Rxg3 49. Rd4 Rxd4 50. Kxd4 Rf3 51. Kc5 Rxf4 52. Kb5 Rd4 53. Kxa5 e5 0-1

[Event "HEM-Meisterklasse"]
[Site "?"]
[Date "2024.05.22"]
[Round "5.2"]
[White "Rolf, Marco"]
[Black "Schroeder, Christoph"]
[Result "1/2-1/2"]
[WhiteElo "2051"]
[BlackElo "2183"]
[Annotator "hugo5"]
[PlyCount "71"]
[GameId "2048128451699527"]
[EventDate "2024.??.??"]
[WhiteTeam "TV Fischbek Suederelbe"]
[BlackTeam "SK Johanneum Eppendorf"]

1. d4 d5 2. c4 e6 3. Nc3 Nf6 4. cxd5 exd5 5. Bg5 c6 6. e3 Be7 7. Bd3 Nbd7 8. Qc2 h6 9. Bh4 Nh5 10. Bxe7 Qxe7 11. Nge2 Nb6 12. O-O O-O 13. Rae1 Bd7 14. Nd1 Rae8 15. f3 f5 16. Qd2 Nc8 17. Bb1 Nd6 18. b3 Bc8 19. Nc1 Nf6 20. Nd3 Nd7 21. Qa5 a6 22. a4 Qd8 23. Qc3 Qb6 24. N1f2 Re7 25. Nc5 Qd8 26. Nfd3 Nxc5 27. Qxc5 Nf7 28. Re2 Rfe8 29. Rfe1 Qd6 30. b4 Qxc5 31. bxc5 g5 32. g3 Kg7 33. a5 Kf6 34. Nf2 Nd8 35. Nd3 Ne6 36. Kf2 {(=)} 1/2-1/2

[Event "HEM-Meisterklasse"]
[Site "?"]
[Date "2024.05.22"]
[Round "5.3"]
[White "Malchereck, Zion"]
[Black "Keyser, Robin"]
[Result "0-1"]
[WhiteElo "1968"]
[BlackElo "2194"]
[PlyCount "138"]
[GameId "2048161774485521"]
[EventDate "2024.??.??"]
[WhiteTeam "Hamburger SK von 1830 eV"]
[BlackTeam "SK Johanneum Eppendorf"]

1. e4 c6 2. Nc3 d5 3. Qf3 dxe4 4. Nxe4 Nd7 5. d4 Ngf6 6. c3 g6 7. Nxf6+ Nxf6 8. Bd3 Bg7 9. Ne2 O-O 10. O-O Qb6 11. h3 Nd7 12. Bc2 e5 13. d5 cxd5 14. Qxd5 Nf6 15. Qb3 Qc7 16. Ng3 Be6 17. Qa3 Rfd8 18. Ne4 Nxe4 19. Bxe4 Bc4 20. Re1 Bf8 21. Qa4 b5 22. Qc2 Rac8 23. Bg5 Re8 24. Red1 h6 25. Bc1 Be6 26. a3 a5 27. Bd5 Bxd5 28. Rxd5 b4 29. axb4 axb4 30. Qe2 bxc3 31. bxc3 Bg7 32. Bd2 Qc4 33. Qxc4 Rxc4 34. Rb1 Rc7 35. Rdb5 Rd7 36. Be3 Rc8 37. Rb8 Rdd8 38. Ba7 e4 39. Rxc8 Rxc8 40. Bd4 Bxd4 41. cxd4 Rc4 42. Rd1 Kf8 43. d5 Ke7 44. d6+ Kd7 45. g4 Rc3 46. Kg2 f5 47. gxf5 gxf5 48. Rd5 Rf3 49. h4 h5 50. Kg1 Rf4 51. Kg2 Rxh4 52. Rxf5 Kxd6 53. Kg3 Rh1 54. Kg2 Ke6 55. Rb5 Rh4 56. Kg3 Rg4+ 57. Kh3 Rf4 58. Kg3 Rf3+ 59. Kg2 Rf5 60. Rb3 Rg5+ 61. Kh3 Rd5 62. Re3 Rd3 63. Kh4 Kf5 64. Re1 Kf4 65. Kxh5 Rd2 66. Rg1 Rxf2 67. Rg4+ Kf3 68. Kg5 e3 69. Kf5 e2 0-1

[Event "HEM-Meisterklasse"]
[Site "?"]
[Date "2024.05.22"]
[Round "5.4"]
[White "Bracker, Arne"]
[Black "Mondorf, Karl-Josef"]
[Result "1-0"]
[WhiteElo "2289"]
[BlackElo "1849"]
[PlyCount "99"]
[GameId "2048163680030831"]
[EventDate "2024.??.??"]
[WhiteTeam "Hamburger SK von 1830 eV"]
[BlackTeam "Volksdorfer SK 1948"]

1. e4 c5 2. Nf3 d6 3. d4 cxd4 4. Nxd4 Nf6 5. Nc3 a6 6. Bg5 e5 7. Nf5 Bxf5 8. Bxf6 Qxf6 9. Nd5 Qd8 10. exf5 Nd7 11. g3 Nf6 12. Bg2 Nxd5 13. Bxd5 Qa5+ 14. c3 Qb5 15. Qd2 Be7 16. a4 Qd7 17. Qd3 Rc8 18. O-O O-O 19. a5 Rc5 20. b4 Rc7 21. c4 Kh8 22. Qf3 Bf6 23. Ra2 g6 24. fxg6 fxg6 25. Kg2 Bg7 26. Qe3 Rf5 27. h4 Rh5 28. Qe2 Rf5 29. Rb1 Rc8 30. b5 Rcf8 31. Qe4 axb5 32. Rxb5 Rf4 33. gxf4 Qg4+ 34. Kf1 Qh3+ 35. Qg2 Qd3+ 36. Kg1 Qd1+ 37. Kh2 Rxf4 38. Ra3 e4 39. Bxe4 Rxh4+ 40. Rh3 Rg4 41. Qh1 Qd2 42. Qf3 Rf4 43. Rxh7+ Kxh7 44. Qh3+ Kg8 45. Bd5+ Kf8 46. Qc8+ Ke7 47. Qe6+ Kd8 48. Qxd6+ Ke8 49. Bc6+ bxc6 50. Rb8+ 1-0